Políticas de crecimiento urbano: La experiencia de Costa Rica /
Uloženo v:
| Hlavní autor: | |
|---|---|
| Médium: | Neznámo |
| Vydáno: |
San José:
UF. Centro de Estudios Latinoamericanos. MEIC. DGEC
|
| Témata: | |
| Tagy: |
Přidat tag
Žádné tagy, Buďte první, kdo vytvoří štítek k tomuto záznamu!
|
MARC
| LEADER | 00000 a2200000 04500 | ||
|---|---|---|---|
| 001 | 14518 | ||
| 003 | |||
| 008 | 991231s d | ||
| 040 | |||
| 090 | |a 023301 | ||
| 100 | |a Carvajal, Manuel J | ||
| 245 | |a Políticas de crecimiento urbano: La experiencia de Costa Rica / |c Manuel J. Carvajal | ||
| 260 | |a San José: |b UF. Centro de Estudios Latinoamericanos. MEIC. DGEC | ||
| 650 | |a INFRAESTRUCTURA ECONOMICA | ||
| 999 | |c 13077 |d 13077 | ||
